Introduccin̤ jurd̕ica a la historia de las relaciones de trabajo

Bibliographic Details
Main Author: Chamocho Cantudo, Miguel ℓngel
Other Authors: Ramos Vz̀quez, Isabel
Format: eBook
Language:Spanish
Published: Madrid: Dykinson, 2013
Subjects:
Online Access:Acceso restringido

MARC

LEADER 00000nam a22000007a 4500
005 20140603025314.0
007 cr|||| ||||
008 140603s2013 es |||||s|||| 00||0 spa d
020 |a 978-84-9031-828-7 
035 |a 12192 
040 |a vLex 
090 |c 4978  |d 4978 
100 1 |a Chamocho Cantudo, Miguel ℓngel 
245 1 0 |a Introduccin̤ jurd̕ica a la historia de las relaciones de trabajo  |h [Recurso electrn̤ico] /  |c Miguel ℓngel Chamocho Cantudo, Isabel Ramos Vz̀quez 
256 |a Servicio en ln̕ea 
260 |a Madrid:  |b Dykinson,  |c 2013 
300 |a 1 recurso electrn̤ico 
506 1 |a Disponible solo en los productos indicados  |d vLex Global  |d vLex Global (Academic Edition, excluding Law Schools)  |d vLex Global (U.S. Academic Edition, Law Schools)  |d vLex Global (U.S. Academic Edition, excluding Law Schools)  |d vLex Global (Academic Edition, Law Schools) 
650 0 4 |a Derecho Laboral y Seguridad Social  |z Espaą 
700 1 |a Ramos Vz̀quez, Isabel 
740 0 |a vLex Libros (Servicio en ln̕ea) 
856 4 0 |u http://vlex.com/source/introduccion-juridica-historia-relaciones-trabajo-12192  |z Acceso restringido 
942 |c BOOK 
999 0 |a Labor Law and Social Security